| 000 | 00000cgm 2200000zi 4500 |
| 001 | 9.962865 |
| 003 | CaOODSP |
| 005 | 20260605133530 |
| 006 | m o c f |
| 007 | cr cna|||||||| |
| 007 | vz czazuu |
| 008 | 260515e20250731onc003 fo vleng d |
| 020 | |a9780660999777 |
| 040 | |aCaOODSP|beng|erda|cCaOODSP |
| 043 | |an-cn-on |
| 086 | 1 |aCH57-4/90-2026E-MP4 |
| 245 | 00|aDoors Open 2025 recap. |
| 264 | 1|a[Ottawa] : |bCanadian Conservation Institute = Institut canadien de conservation, |c[Jul 31, 2025] |
| 300 | |a1 online resource (1 video file (3 min., 16 sec.)) : |bsound, colour |
| 336 | |atwo dimensional moving image|btdi|2rdacontent |
| 337 | |acomputer|bc|2rdamedia |
| 338 | |aonline resource|bcr|2rdacarrier |
| 500 | |a"CCI videos." |
| 500 | |aIssued also in French under title: Retour sur Portes ouvertes 2025. |
| 500 | |aAvailable as streaming video or as downloadable MP4 file. |
| 520 | |a"That's a wrap on the 2025 edition of Doors Open Ottawa! A huge thank you to everyone who stopped by, asked questions and explored our labs"--Supplied from publisher. |
| 588 | |aDescription based on online resource; title from title screen (Canadian Conservation Institute, viewed June 5, 2026). |
| 610 | 20|aCanadian Conservation Institute|xOfficials and employees|vInterviews. |
| 650 | 0|aConservation laboratories (Libraries)|zCanada. |
| 650 | 0|aPublic buildings|zOntario|zOttawa. |
| 655 | 7|aInternet videos|2lcgft |
| 655 | 7|aInstructional and educational works|2lcgft |
| 655 | 7|aInterviews|2rvmgf |
| 710 | 2 |aCanadian Conservation Institute, |eissuing body. |
| 775 | 08|tRetour sur Portes ouvertes 2025.|w(CaOODSP)9.962870 |
| 856 | 40|qMP4|s439 MB|uhttps://publications.gc.ca/collections/collection_2026/pch/CH57-4-90-2026-eng.mp4 |
| 856 | 4 |qHTML|sN/A|uhttps://www.youtube.com/watch?v=oTfOkEkgXIs |